00408nam a2200157Ia 45000010006000000050017000060080041000230410008000640820017000721000031000892450077001202600009001973000028002066500008002346540008002421151820260306162834.0260306t2016||||xx |||||||||||||| ||spa|| aESP a985.033bB91 aBebin Cúneo, SergioeAUT 0aMercaderes y corregidores:bel reparto mercantil en el Perú, 1752-1780 c2016 a176 páginas :c21 cm. aGEN aCHU